Material Deprivation in Poland and Slovakia - A Comparative Analysis

Ukazovateľ AROPE - podiel ľudí žijúcich v riziku chudoby alebo sociálneho vylúčenia. Faktory materiálovej deprivácie v slovenských a poľských domácnostiach a intenzita ich vplyvu meraná logistickou regresiou. Dáta z EU SILC 2012.

Gespeichert in:
Bibliographische Detailangaben
1. Verfasser: Šoltés, Erik, 1974-
Weitere Verfasser: Ulman, Paweł
Format: Buchkapitel
Sprache:Englisch
Schlagworte:
Tags: Tag hinzufügen
Keine Tags, Fügen Sie das erste Tag hinzu!

MARC

LEADER 00000naa a2200000 4500
001 0217138
005 20251204125249.9
041 0 |a eng 
044 |a PL 
245 1 0 |a Material Deprivation in Poland and Slovakia - A Comparative Analysis  |c Erik Šoltés, Paweł Ulman 
520 |a Ukazovateľ AROPE - podiel ľudí žijúcich v riziku chudoby alebo sociálneho vylúčenia. Faktory materiálovej deprivácie v slovenských a poľských domácnostiach a intenzita ich vplyvu meraná logistickou regresiou. Dáta z EU SILC 2012. 
610 2 0 |a podmienky sociálne 
610 2 0 |a podmienky životné 
610 2 0 |a deprivácia 
610 2 0 |a deprivácia materiálna 
610 2 0 |a regresia 
100 1 |a Šoltés, Erik, 1974- 
700 1 |a Ulman, Paweł